000 00407nam a2200169Ia 4500
008 230524s9999 xx 000 0 und d
020 _a8173194920
082 _a510.33
_bMIR
100 _aJ.C.Misra
_912218
245 0 _aModern Applied Mathematics
250 _a2ND
260 _aNEW DELHI
_bNarosa
_c2005
300 _aVIII;544
500 _aQuantity Number: 2
650 _aMathematics
942 _cBK
999 _c17079
_d17079